লোডিং...

The competitive advantage of nations with a new introduction

গ্রন্থ-পঞ্জীর বিবরন
প্রধান লেখক: Porter,Michael E
বিন্যাস: Printed Book
ভাষা:English
প্রকাশিত: London Mac Millan 1998
বিষয়গুলি:
LEADER 00568nam a22001697a 4500
005 20160820112452.0
008 090925t xxu||||| |||| 00| 0 eng d
082 |a 339.9  |b POR 
100 |a Porter,Michael E  |9 2897 
245 |a The competitive advantage of nations  |b with a new introduction 
300 |a xxxi,855p. 
653 |a competitive advantage  |a nations 
942 |c BK  |6 _ 
260 |a London  |b Mac Millan  |c 1998 
020 |a 0333736427 
999 |c 170664  |d 170664 
952 |0 0  |1 0  |2 ddc  |4 0  |6 3399_POR  |7 0  |9 221752  |a DAE  |b DAE  |d 2009-09-25  |o 339.9 POR  |p ECO07398  |r 2016-08-20  |w 2016-08-20  |y BK